000 00893cam a22002534a 4500
001 12232239
003 ARRUPE
005 20211014103853.0
008 001115s2001 ilua 000 0 eng
010 _a 00054017
020 _a0736002502
040 _aDLC
_cDLC
_dDLC
042 _apcc
050 0 0 _aGV1102.7.T7
_bC63 2001
082 0 0 _a613.7/148
_221
100 1 _aCochran, Sean,
_d1971-
_950478
245 1 0 _aComplete conditioning for martial arts /
_cSean Cochran.
260 _aChampaign, IL :
_bHuman Kinetics,
_cc2001.
300 _aviii, 175 p. :
_bill. ;
_c23 cm.
650 0 _aMartial arts
_xTraining.
_950479
906 _a7
_bcbc
_corignew
_d1
_eocip
_f20
_gy-gencatlg
942 _2lcc
_cMONOGRAPH
999 _c130849
_d130849